Normal view
MARC view
- الادب العربي-تاريخ ونقد/ الشيعه-فرق اسلامية
Entry Topical Term
001 - CONTROL NUMBER
- control field: 39286
003 - CONTROL NUMBER IDENTIFIER
- control field: JO-AjAnu
005 - DATE AND TIME OF LATEST TRANSACTION
- control field: 20230606080532.0
008 - FIXED-LENGTH DATA ELEMENTS
- fixed length control field: 230606|| aca||aabn | a|a d
040 ## - CATALOGING SOURCE
- Original cataloging agency: JO-AjAnu
- Transcribing agency: JO-AjAnu
150 ## - HEADING--TOPICAL TERM
- Topical term or geographic name entry element: الادب العربي-تاريخ ونقد/ الشيعه-فرق اسلامية
670 ## - SOURCE DATA FOUND
- Source citation: Work cat.: (JO-AjAnu)20147: الحاجري، محمد طه, author 39285, مرحلة التشيع في المغرب العربي وأثرها في الحياة الأدبية